[Event "MEX ol U16"]
[Site "Guanajuato"]
[Date "2002.07.15"]
[Round "3"]
[White "Bucio Sanchez, Ismael Luis"]
[Black "Capo Vidal, Uriel"]
[Result "0-1"]
[WhiteElo "1618"]
[BlackElo "2032"]
[PlyCount "110"]
[EventDate "2002.07.13"]
[EventType "swiss"]
[EventRounds "6"]
[EventCountry "MEX"]
[SourceTitle "EXT 2003"]
[Source "ChessBase"]
[SourceDate "2002.11.25"]
[SourceVersion "1"]
[SourceVersionDate "2002.11.25"]
[SourceQuality "1"]

1. d4 d5 2. c4 e6 3. Nc3 Nf6 4. Nf3 Be7 5. Bg5 0-0 6. e3 h6 7. Bxf6 Bxf6 8. cxd5 exd5 9. Bd3 c6 10. Qc2 Be6 11. 0-0 Nd7 12. Rac1 Rc8 13. b4 Be7 14. Qb2 Bg4 15. Nd2 Nf6 16. a3 Bd6 17. f3 Bh5 18. e4 dxe4 19. fxe4 Bxh2+ 20. Kxh2 Ng4+ 21. Kg1 Qxd4+ 22. Kh1 Qxd3 23. Nf3 f5 24. Rcd1 Qe3 25. Rd7 Nf6 26. Rxb7 Bxf3 27. gxf3 Rcd8 28. Nd1 Rxd1 29. Rxd1 Qxf3+ 30. Kh2 Qxd1 31. exf5 Qh5+ 32. Kg2 Qg5+ 33. Kh1 Qxf5 34. b5 Qf1+ 35. Kh2 Ng4+ 36. Kg3 Qf3+ 37. Kh4 Ne5 38. Rxg7+ Kxg7 39. Qxe5+ Qf6+ 40. Qxf6+ Rxf6 41. a4 cxb5 42. axb5 Kg6 43. Kg4 Rb6 44. Kf4 Rxb5 45. Kg4 a5 46. Kf4 a4 47. Ke4 a3 48. Kf4 a2 49. Ke4 a1Q 50. Kf4 Qe5+ 51. Kf3 Rb3+ 52. Kf2 Qe3+ 53. Kf1 Rb1+ 54. Kg2 Rg1+ 55. Kh2 Qg3# 0-1